• 首页
  • 本馆介绍
  • 公告通知
  • 最新文献
  • 馆藏检索
  • 电子资源
  • 读者导购
  • 参考咨询
  • 我的图书馆
  • 登录
  • 详细信息显示
  • 放入我的书架
  • 预约/预借图书
  • 作者相关作品
  • 分类相关作品
  • 丛书相关作品
  • 出版社相关作品

书目信息

  • 表格格式
  • 工作单格式
  • 卡片格式
题名:
蚁穴溃堤
    
 
作者: 陈海亮 著
分册:  
出版信息: 北京   中国致公出版社  2020
页数: 169页
开本: 23cm
丛书名:
单 册:
中图分类: G633.302-53 , G633.3
科图分类:
主题词: 中学语文课--教学研究--文集
电子资源:
ISBN: 978-7-5145-1230-4
000 00827nam0 2200229 450
001 2358837391
005 20231103162057.30
010    @a978-7-5145-1230-4@dCNY48.00
100    @a20201022d2020 em y0chiy50 ea
101 0  @achi
102    @aCN@b110000
105    @aa z 000yy
200 1  @a蚁穴溃堤@9yi xue kui di@f陈海亮著
210    @a北京@c中国致公出版社@d2020
215    @a169页@c图,照片@d23cm
330    @a本书介绍“蚁穴溃堤”法。先是从理论上阐述“蚁穴溃堤”的学习法,再分别介绍“蚁穴溃堤”法的实践案例、教学设计与实录、备课心路、学案创新,以及作者在写作教学、课外资源拓展和信息技术方面的经验总结。
606 0  @a中学语文课@x教学研究@j文集
690    @aG633.302-53@v5
690    @aG633.3@v4
701  0 @a陈海亮@9chen hai liang@4著
801  0 @aCN@b大连网信软件有限公司图书馆·11@c20231103
905    @aBZT@dG633.3@e309
    
    蚁穴溃堤/陈海亮著.-北京:中国致公出版社,2020
    169页:图,照片;23cm
    
    
    ISBN 978-7-5145-1230-4:CNY48.00
    本书介绍“蚁穴溃堤”法。先是从理论上阐述“蚁穴溃堤”的学习法,再分别介绍“蚁穴溃堤”法的实践案例、教学设计与实录、备课心路、学案创新,以及作者在写作教学、课外资源拓展和信息技术方面的经验总结。
●
相关链接 在五车中查询图书 在当当中查询图书 在豆瓣中查询图书


正题名:蚁穴溃堤     索取号:G633.3/309         预约/预借

序号 登录号 条形码 馆藏地/架位号 状态 备注
1 2000944365   2000944365   安徽、中教混合/安徽时代(第一批)/149/ [索取号:G633.3/309] 在馆    
2 2000944366   2000944366   安徽、中教混合/安徽时代(第一批)/149/ [索取号:G633.3/309] 在馆    
3 2000944367   2000944367   安徽、中教混合/安徽时代(第一批)/149/ [索取号:G633.3/309] 在馆    
4 2000944368   2000944368   安徽、中教混合/安徽时代(第一批)/149/ [索取号:G633.3/309] 在馆    
5 2000944369   2000944369   安徽、中教混合/安徽时代(第一批)/149/ [索取号:G633.3/309] 在馆    
6 2000944370   2000944370   安徽、中教混合/安徽时代(第一批)/149/ [索取号:G633.3/309] 在馆    
山东省滨州职业学院图书馆 欢迎您!
大连网信软件有限公司© 版权所有